| 000 | 00539nam a2200169Ia 4500 | ||
|---|---|---|---|
| 999 |
_c1589 _d1589 |
||
| 003 | OSt | ||
| 005 | 20201012133653.0 | ||
| 008 | 190216s9999||||xx |||||||||||||| ||und|| | ||
| 040 | _coclc | ||
| 082 |
_a574.095483 _bMAN/S |
||
| 100 |
_aManoharan, T M _95614 |
||
| 245 | 0 |
_aSilent Valley Whispers Of Reason / _cT M Manoharan ; S D Biju ; T S Nayar ; P S Easa |
|
| 260 |
_bKerala Forest Department, _aTrivandrum: _c1999. |
||
| 300 | _a421p | ||
| 650 | _aBotany | ||
| 942 |
_cBK _2ddc _h574.095483 _iMAN/S _k574.095483 _mMAN/S |
||